LEADER 00845nam0 2200277 450 001 000001661 005 20090219102417.0 100 $a20000911d1967----km-y0itay50------ba 101 1 $aita 102 $aIT 200 1 $a<>economia del 20. secolo$fFrançois Perroux 210 $a[Milano]$cEtas Kompass$dc1967 215 $a636 p.$d22 cm 225 2 $aBiblioteca di studi economici$v9 304 $aTit. orig.: L'économie du 20. siècle 314 $aTrad. di Maria José Cambieri e Anna Righini 410 0$12001$aBiblioteca di studi economici 454 0$1001000023225 610 1 $aEconomia 676 $a330.1 700 1$aPerroux,$bFrançois$0148753 801 0$aIT$bUNIPARTHENOPE$gRICA$2UNIMARC 912 $a000001661 951 $cNAVA1$aBSE 330/9$b18370$d20000915 996 $aEconomia del 20. secolo$9202508 997 $aUNIPARTHENOPE LEADER 00997nam0-22003251i-450 001 990007071800403321 005 20220930200558.0 010 $a88-14-07248-5 035 $aFED01000707180 035 $a(Aleph)000707180FED01 100 $a20020412d1998----km-y0itay50------ba 101 0 $aita 102 $aIT 105 $ay-------001yy 200 1 $aAnatomia del serial killer$enuove prospettive per un'analisi psico-criminologica dell'omicidio seriale$fRuben De Luca$gprefazione di Carlo Serra 210 $aMilano$cGiuffrè$dc1998 215 $aXIX, 299 p.$d24 cm 320 $aBibliografia: p. 289-298. Indice 676 $a364.152$v23$zita 700 1$aDe Luca,$bRuben$f<1970- >$0260112 702 1$aSerra,$bCarlo$f<1939- > 801 0$aIT$bUNINA$gRICA$2UNIMARC 901 $aBK 912 $a990007071800403321 952 $aXII F 770$b40572*$fFGBC 952 $a5,3-119$fDSPCP 959 $aFGBC 959 $aDSPCP 996 $aAnatomia del serial killer$9705798 997 $aUNINA